ბათუმის შოთა რუსთაველის სახელმწიფო უნივერსიტეტის ბიბლიოთეკა

ჰიდრავლიკა. ზოგადი კურსი : ნაწილი პირველი : სახელმძღ. / (ბიბ.ჩანაწერი № 38405)

000 -ლიდერი
ფიქსირებული სიგრძის საკონტროლო ველი 01006nam a2200229Ia 4500
001 - საკონტროლო ნომერი
საკონტროლო ველი 4416
003 - საკონტროლო ნომრის იდენტიფიკატორი
საკონტროლო ველი GE_BSU
005 - ბოლო ოპერაციის თარიღი და დრო
საკონტროლო ველი 20190516162714.0
008 - ფიქსირებული სიგრძის მონაცემთა ელემენტები - ზოგადი ინფორმაცია
ფიქსირებული სიგრძის საკონტროლო ველი 181216s1972||||ge |||||||||||||| ||geo||
040 ## - კატალოგიზაციის წყარო
Transcribing agency GE_BSU
041 ## - ენის კოდი
Language code of text/sound track or separate title geo
080 ## - უნივერსალური ათობითი კლასიფიკაციის ინდექსი
Universal Decimal Classification number 532(075) დ–19
100 ## - მთავარი ჩანაწერი - პიროვნების სახელი
Personal name დანელია,ნ.თ.
9 (RLIN) 1257
245 ## - ცნობა სათაურის შესახებ
Title ჰიდრავლიკა. ზოგადი კურსი : ნაწილი პირველი : სახელმძღ. /
Statement of responsibility, etc ნ.თ.დანელია ; რედ : ნ.ქუთათელაძე ; ა.პაპაშვილი.
264 ## - წარმოების, გამოცემის, დისტრიბუციის და სხვა ცნობები
გამოცემის, წარმოების, დისტრიბუციის... ადგილი თბილისი :
გამოცემის, წარმოების, დისტრიბუციის... სახელწოდება განათლება,
გამოცემის, წარმოების, დისტრიბუციის... თარიღი 1972.
300 ## - ფიზიკური აღწერა
Extent 507 გვ . ;
Other physical details ილ ;
Dimensions 25 სმ.
653 ## - INDEX TERM--UNCONTROLLED
Uncontrolled term ჰიდრავლიკა
653 ## - INDEX TERM--UNCONTROLLED
Uncontrolled term ჰიდრომექანიკა
700 ## - ADDED ENTRY--PERSONAL NAME
Personal name ქუთათელაძე, ნ
Relator term რედაქტორი
9 (RLIN) 1248
700 ## - ADDED ENTRY--PERSONAL NAME
Personal name პაპაშვილი, ა
Relator term რედაქტორი
9 (RLIN) 1258
942 ## - ADDED ENTRY ELEMENTS (KOHA)
Koha item type წიგნი
Source of classification or shelving scheme
ეგზემპლარები
ჩამოწერის სტატუსი დაკარგული ეგზემპლარის სტატუსი კლასიფიკაციის წყარო ან თაროზე გაწყობის სქემა დაზიანების სტატუსი არ გაიცემა მუდმივი მდებარეობა (დაცვის ადგილი) ამჟამინდელი ადგილსამყოფელი თაროზე განთავსების ადგილი შეძენის თარიღი სრული შენახვის შიფრი შტრიხკოდი ბოლო ოპერაციის თარიღი ეგზემპლარის მიმდევრობითი ნომერი (კეტერი?) ფასის ძალაში შესვლის თარიღი ეგზემპლარის სახეობა საჯარო შენიშვნა ღირებულება, შესყიდვის ნორმალური ფასი
          ტექნოლოგიური ფაკულტეტის ბიბლიოთეკა ტექნოლოგიური ფაკულტეტის ბიბლიოთეკა წიგნსაცავი 2018-12-17 532(075) დ–19 8642 2018-12-17 8642 2018-12-17 წიგნი 3 ლ. 40 თ.  
          ტექნოლოგიური ფაკულტეტის ბიბლიოთეკა ტექნოლოგიური ფაკულტეტის ბიბლიოთეკა წიგნსაცავი 2018-12-17 532(075) დ–19 8643 2018-12-17 8643 2018-12-17 წიგნი 3 ლ. 40 თ. 3.00
          ტექნოლოგიური ფაკულტეტის ბიბლიოთეკა ტექნოლოგიური ფაკულტეტის ბიბლიოთეკა წიგნსაცავი 2018-12-17 532(075) დ–19 8644 2018-12-17 8644 2018-12-17 წიგნი 3 ლ. 40 თ. 3.00